000 01320cam a2200385 a 4500
999 _c23746
_d23746
001 110504
003 BDDh-ASL
005 20231015030300.0
008 971128s1961 pk 000 0ceng
010 _a 96912249
020 _a8171511805
025 _aI-E-96-912249; 10
040 _aDLC
_cDLC
_dBDDh-ASL
041 1 _aeng
_hper
042 _alcode
050 0 0 _aBP189.4.A74
_bE585 1993
082 _a922.97
_bBAF
100 1 _aʻAṭṭār, Farīd al-Dīn,
_d-approximately 1230.
240 1 0 _aTaz̲kirat al-awliyā.
_kSelections.
_lEnglish
245 1 0 _aSelections from Fariduddin ʻAttarʼs Tadhkaratul-auliya, or, Memoirs of saints, Part-1 & 2 /
_cabridged and translated from original Persian, by Bankey Behari.
246 3 0 _aFariduddin ʻAttarʼs Tadhkaratul-auliya
246 3 0 _aTadhkaratul-Auliya
246 3 0 _aMemoirs of saints
246 1 8 _aTadhkaratul-aulia
250 _a1st improved ed.
260 _aNew Delhi :
_aLahore:
_bKitab Bhavan,
_bSh. Muhammad Ashraf,
_c1993.
_c1961.
300 _a202 p. :
_c21 cm.
520 _aOn the lives of Muslim saints.
650 0 _aMuslim saints
_vBiography.
650 0 _aSufis
_vBiography.
700 1 _aBehari, Bankey.
906 _a7
_bibc
_corigode
_d3
_encip
_f19
_gy-gencatlg
942 _2ddc
_cBK